[Event "Hoogovens-B"]
[Site "Wijk aan Zee"]
[Date "1998.01.26"]
[Round "6"]
[White "Van den Doel, Erik"]
[Black "Van der Wiel, John"]
[Result "1-0"]
[WhiteElo "2485"]
[BlackElo "2525"]
[Annotator "Schulz,Andre"]
[PlyCount "59"]
[EventDate "1998.01.20"]
[EventType "tourn"]
[EventRounds "11"]
[EventCountry "NED"]
[EventCategory "10"]
[SourceTitle "CBM 063"]
[Source "ChessBase"]
[SourceDate "1998.03.26"]
[SourceVersion "1"]
[SourceVersionDate "1998.03.26"]
[SourceQuality "1"]

1. e4 c5 2. Nf3 d6 3. d4 cxd4 4. Nxd4 Nf6 5. Nc3 g6 6. Be3 Bg7 7. f3 Nc6 8. Qd2
O-O 9. O-O-O d5 10. Qe1 {Moderner als} (10. exd5 Nxd5 11. Nxc6 bxc6 12. Bd4)
10... e5 ({Die (wahrscheinlich weniger solide) Alternative ist} 10... e6) 11.
Nxc6 bxc6 12. exd5 Nxd5 (12... cxd5 $5 13. Bg5 Be6 14. Bc4 Qc7 15. Bxf6 dxc4
16. Bxg7 Kxg7 {0-1 Timman,J-Hodgson,J/Koop Tjuchem 1996/CBM 57 (28)}) 13. Bc4
Be6 14. Ne4 Qc7 15. Bc5 Rfd8 16. g4 Nf4 17. Bxe6 Nxe6 18. Bd6 (18. Qe3 Rd5 19.
c4 $2 Rxc5 $1 20. Nxc5 Qb6 $19 {Liang Jinrong-Alterman,B/Tan Cup 1995/CBM 49/
0-1 (55)}) 18... Qb6 19. Qc3 (19. g5 Nd4 20. Rf1 Nf5 21. Bc5 Qa6 $11 {1-0
Dolmatov,S-Ricardi,P/Buenos Aires Najdorf 1991/CBM 24 (35)}) 19... Nd4 20. Kb1
Rd7 (20... Nb5 $5) 21. Rd3 Qd8 (21... Nb5 $5) 22. Qc5 Rc8 23. Rhd1 Ne6 24. Qc3
Nf4 25. Bxe5 $2 (25. R3d2 Nd5 26. Qa3 $11) 25... Nxd3 $2 (25... Rxd3 26. Rxd3
Qb6 {[%cal Rb6g1]} 27. Rd1 Ne2 28. Bxg7 Nxc3+ 29. Bxc3 $19) 26. Bxg7 Nc5 27.
Rxd7 Nxd7 28. Bh6 $18 f6 29. Qc4+ Kh8 30. Qf7 1-0

[Event "Olympiad-38"]
[Site "Dresden"]
[Date "2008.11.25"]
[Round "11"]
[White "Petrosian, Tigran L"]
[Black "Li, Chao B"]
[Result "1-0"]
[WhiteElo "2629"]
[BlackElo "2622"]
[Annotator "Schulz,Andre"]
[PlyCount "101"]
[EventDate "2008.11.13"]
[EventType "team-swiss"]
[EventRounds "11"]
[EventCountry "GER"]
[SourceTitle "CBM 128"]
[Source "ChessBase"]
[SourceDate "2009.01.28"]
[SourceVersion "1"]
[SourceVersionDate "2009.01.28"]
[SourceQuality "1"]
[WhiteTeam "Armenia"]
[BlackTeam "China"]
[WhiteTeamCountry "ARM"]
[BlackTeamCountry "CHN"]

1. e4 c5 2. Nf3 d6 3. d4 cxd4 4. Nxd4 Nf6 5. Nc3 g6 6. Be3 Bg7 7. f3 Nc6 8. Qd2
O-O 9. O-O-O d5 10. exd5 Nxd5 11. Nxc6 bxc6 12. Bd4 Nxc3 {Zu dieser
unterbewerteten Variante, die ich Bjerring-Variante getauft habe, habe ich im
CBM 114 eine ausführliche Übersicht veröffentlicht. Das schwarze Spiel
gestaltet sich viel einfacher als in der Hauptvariante.} ({Nach der
Hauptvariante} 12... e5 13. Bc5 {entstehen komplizierte Varianten, in denen
Schwarz es schwer hat, Ausgleich zu erreichen.}) 13. Qxc3 Bh6+ 14. Be3 (14. Kb1
$2 e5 $19) 14... Bxe3+ 15. Qxe3 Qb6 {Dieses Bauernopfer ist die Pointe der
Variante.} 16. Qxe7 Be6 17. Bd3 ({Zur Hauptvariante führt} 17. Qa3 Rad8 18. Bd3
Rd5 $11) 17... c5 $6 $146 ({Wenn Weiß den Einschlag auf a2 nicht verhindert,
sollte man auch nicht darauf verzichten:} 17... Bxa2 $11 18. h4 ({Nach} 18. b3
Bxb3 19. cxb3 Qxb3 $11 {spielt Weiß ohne Königsschutz.}) 18... c5 ({In
Betracht kommt auch} 18... Rab8 $5 19. Qf6 (19. b3 $2 Bxb3 20. cxb3 Qxb3 $19) (
19. Qa3 Qe3+ 20. Rd2 Be6 21. h5 Rfd8 22. Qc3 Rd4 $11) 19... Qe3+ 20. Rd2 Rfd8 (
20... Bd5 21. h5 {1-0 Pujols,C (2330)-Gonzalez Vidal,Y (2386)/Havana 1999/EXT
2000 (51)}) 21. h5 Rxd3 22. cxd3 Qc5+ 23. Rc2 (23. Qc3 Qxc3+ 24. bxc3 Rb1+ $19)
23... Qe3+ $11 {mit Dauerschach}) 19. Qe5 $2 (19. Be4 Rab8 20. Qe5 c4 21. Qc3
$11) 19... c4 20. Be4 Qe3+ 21. Rd2 Rab8 22. c3 Rxb2 (22... Rfd8 $1 23. Qg5
Qxd2+ 24. Qxd2 Rxd2 25. Kxd2 Rxb2+ 26. Ke3 Rxg2 $17) 23. Qd4 Qxd4 24. cxd4 Rxd2
25. Kxd2 Rb8 26. Kc2 a5 27. Ra1 Bb3+ 28. Kc3 a4 29. Bc6 Kf8 30. d5 Ke7 31. Bxa4
Ra8 32. Re1+ Kd6 33. Bxb3 cxb3 34. Kxb3 Ra5 35. Kc3 {1/2-1/2 Adams,M (2715)
-Karr,J (2300)/France 2000/EXT 2003}) 18. Be4 Rab8 19. Qf6 Qa6 ({Nach} 19... c4
20. h4 {hätte Weiß eine günstige Version der Partie Adams-Karr, 2000.}) 20. a3
Qc4 21. Rd6 Qa2 22. Rhd1 a5 (22... Qa1+ 23. Kd2 Qxb2 24. Qxb2 Rxb2 25. Kc3 Rb6
26. Rxb6 axb6 27. Rb1 Rb8 28. a4 $16) 23. h4 Qa1+ {Besseres als diese
Abwicklung kann die schwarze Dame auf a2 nicht ausrichten.} 24. Kd2 Qxb2 25.
Qxb2 Rxb2 26. Kc3 {Das Endspiel ist für Weiß günstig, da sein König viel
aktiver ist.} Rfb8 27. Ra6 R2b5 28. Bd5 Bxd5 29. Rxd5 Re8 {Das ist nun
eigentlich Karsten Müllers Analyse-Terrain!} 30. Ra7 Re3+ 31. Kd2 Re6 ({Oder} 
31... Rxa3 32. Rd8+ (32. Rdd7 Ra4 33. Rxf7 Rxh4 34. Rfc7 Rb8 35. Ke3 Re8+ 36.
Kf2 Rc4 37. Rg7+ Kh8 38. Rxh7+ Kg8 39. Rhg7+ Kh8 40. Rxg6 $16) 32... Kg7 33.
Rdd7 Kf6 34. Rxf7+ Ke6 35. Rxh7 $18) 32. h5 gxh5 33. Rxh5 Rbb6 34. Rf5 $6 (34.
Rxa5 Rbd6+ 35. Kc1 Rg6 36. g4 Rdf6 37. Rh3 $16) 34... Rbd6+ 35. Kc3 Re3+ 36.
Kc4 (36. Kb2 Rb6+ 37. Kc1 Rg6 38. g4 Rxa3 39. Raxf7 $14) 36... Rd4+ (36... Rd2
$5 37. g4 Rxc2+ 38. Kd5 Rd2+ 39. Kc6 (39. Kxc5 Rc3+ 40. Kb5 Rxa3 41. Rfxf7 Rd5+
$11) 39... c4 40. Rfxf7 $14) 37. Kb5 Kg7 $2 {Das verliert, da der schwarze
König nun in den Berich der weißen Königsflügebauern gerät.} (37... Rd2 38. g4
Rxc2 39. Rfxf7 Rxa3 $16) 38. Rfxf7+ Kg6 39. Rg7+ Kh6 40. Rxh7+ Kg6 41. Rag7+
Kf6 42. Rf7+ Kg6 43. Rhg7+ Kh6 44. g4 Rxa3 45. f4 Raa4 46. Rh7+ Kg6 47. f5+ Kg5
48. Rfg7+ Kf4 49. c3 Re4 50. f6 Ra1 51. f7 1-0

[Event "POL-ch 54th"]
[Site "Sopot"]
[Date "1997.??.??"]
[Round "12"]
[White "Macieja, Bartlomiej"]
[Black "Grabarczyk, Bogdan"]
[Result "1-0"]
[WhiteElo "2465"]
[BlackElo "2460"]
[Annotator "Schulz,Andre"]
[PlyCount "103"]
[EventDate "1997.03.18"]
[EventType "tourn"]
[EventRounds "15"]
[EventCountry "POL"]
[EventCategory "9"]
[SourceTitle "CBM 059"]
[Source "ChessBase"]
[SourceDate "1997.08.01"]
[SourceVersion "1"]
[SourceVersionDate "1997.08.01"]
[SourceQuality "1"]

1. e4 {Hecht} c5 2. Nf3 d6 3. d4 cxd4 4. Nxd4 Nf6 5. Nc3 g6 6. Be3 Bg7 7. f3
Nc6 8. Qd2 Bd7 9. O-O-O Rc8 10. g4 O-O 11. h4 Qa5 12. Kb1 Ne5 13. Be2 $5 (13.
Nd5 $13) 13... Rxc3 $6 {Weiß hat f3 und g4 überdeckt. Jetzt ist dieses
Qualitätsopfer nicht besonders wirksam, denn der nachfolgende Einschlag auf f3
funktioniert nicht mehr richtig.} (13... Nc4 $5 {Jetzt, nach dem Tempoverlust
Bf1-e2 kommt das schon eher in Betracht. Der Zug g2-g4 ist ja nicht so
nützlich.}) (13... Rfe8 $5) 14. Qxc3 Qxc3 15. bxc3 Rc8 (15... Nxf3 $2 16. Bxf3
Bxg4 17. Bxg4 Nxg4 18. Rhe1 Nxe3 19. Rxe3 $18) 16. Nb3 Be6 $2 {[%csl Ra7]} 17.
Bxa7 Nfd7 18. Bd4 $18 Nc5 19. Nxc5 dxc5 20. Bxe5 Bxe5 21. Bb5 Bxc3 22. Bd7 Rc7
23. Bxe6 fxe6 24. Rd3 Be5 25. Rhd1 Rc6 26. Rb3 b6 27. Rd8+ Kg7 28. Ra3 Bg3 29.
Raa8 Bxh4 30. Rac8 Rxc8 31. Rxc8 {hecht: Mehrqualität bei zahlreichen
schwarzen Bauernschwächen. Einfache Technik} h5 32. gxh5 gxh5 33. Kc1 Bf6 34.
Kd2 h4 35. Ke3 Bc3 36. Kf4 Bd2+ 37. Kg4 Kf6 38. f4 h3 39. Rh8 e5 40. f5 e6 41.
Rxh3 exf5+ 42. exf5 e4 43. Rh2 Bc1 44. Rh8 Ke5 45. Re8+ Kd4 46. f6 c4 47. f7
Ba3 48. Kf4 Kc3 49. Kxe4 Kxc2 50. f8=Q Bxf8 51. Rxf8 c3 52. Rf2+ 1-0

[Event "EU-chT (Men) 11th"]
[Site "Pula"]
[Date "1997.05.??"]
[Round "4.4"]
[White "Sax, Gyula"]
[Black "Relange, Eloi"]
[Result "1-0"]
[WhiteElo "2545"]
[BlackElo "2480"]
[Annotator "Schulz,Andre"]
[PlyCount "57"]
[EventDate "1997.05.05"]
[EventType "team-swiss"]
[EventRounds "9"]
[EventCountry "CRO"]
[SourceTitle "CBM 057 Extra"]
[Source "ChessBase"]
[SourceDate "1997.05.01"]
[SourceVersion "1"]
[SourceVersionDate "1997.05.01"]
[SourceQuality "1"]
[WhiteTeam "Hungary"]
[BlackTeam "France"]
[WhiteTeamCountry "HUN"]
[BlackTeamCountry "FRA"]

1. e4 {Petursson} c5 2. Nf3 d6 3. d4 cxd4 4. Nxd4 Nf6 5. Nc3 g6 6. Be3 Bg7 7.
f3 O-O 8. Qd2 Nc6 9. g4 Be6 (9... Bd7 $5) 10. O-O-O Nxd4 11. Bxd4 {Diese
Variante ist mit dem Abspiel 9.0-0-0 Nxd4 10.Bxd4 Be6 verwandt.} Qa5 12. a3
Rfc8 (12... Rab8 $5 13. Z0 b5 $140) 13. h4 Rab8 14. h5 b5 15. hxg6 (15. Bxb5
Rxb5 (15... Rxc3 16. Bxc3 Qxb5) 16. Nxb5 Qxb5 17. c3 Bb3 {1/2-1/2 Stojanovic,
M-Kieran,R/EU-chJW U12 Verdun 1995 (48)}) 15... fxg6 (15... b4 {Der Versuch,
den schwarzen Gegenangriff auf diese Weise zu beschleunigen, war bisher wenig
erfolgreich.} 16. Nd5 Bxd5 17. g5 e5 18. gxf6 Bxf6 19. exd5 (19. gxh7+ Kh8 20.
Rg1 exd4 21. Qh6 Rxc2+ 22. Kxc2 Qa4+ 23. Kd2 Be5 24. Bb5 {1-0 Polgar,
S-Lindemann,S/Vienna op 1991}) 19... exd4 20. gxf7+ Kxf7 21. Rxh7+ Bg7 22. Qg5
Rxc2+ 23. Kxc2 d3+ 24. Bxd3 Qc5+ 25. Kb1 Qd4 26. Qxg7+ Qxg7 27. Rxg7+ Kxg7 28.
axb4 Rxb4 29. Kc2 Kf7 30. Kc3 Rf4 31. Be4 {1-0 Mrdja,M-Moingt,J/Cannes op 1993}
) (15... hxg6 16. Qg5 $16 {Schwarz kann nicht b5-b4 ziehen und ist mit
Drohungen auf der h-Linie konfrontiert.}) 16. g5 (16. Nd5 Qxd2+ 17. Rxd2 Nxd5
18. exd5 Bxd4 19. Rxd4 Bf7 {1/2-1/2 Hachian,M-Raud,R/Bela Crkva op 1990 (32)})
16... Nh5 (16... b4 $5 {angesichts der kommenden Ereignisse in dieser Partie
muß Schwarz nach Verbesserungen suchen.} 17. gxf6 (17. Nd5 $2 Nxd5 18. Bxg7 Nc3
19. Qh2 (19. Bxc3 bxc3 20. Qh2 h5 21. Bh3 Ba2 $19) 19... h5 $19) (17. axb4 $2
Qa1+ 18. Nb1 Ba2 $19) 17... bxc3 18. Bxc3 Rxc3 (18... Bxf6 19. Bxf6 (19. Bxa5
$2 Bxb2+ 20. Kb1 Bc3+ 21. Kc1 Bb2+ $11) 19... Qxd2+ 20. Rxd2 $18) 19. Qxc3 Qxc3
20. bxc3 Bxf6 21. Kd2 Bg5+ $44 {ist eventuell spielbar für Schwarz.}) 17. Bxg7
$1 (17. Rxh5 $6 {zu brutal.} gxh5 18. Bxg7 Kxg7 19. Qd4+ Kf7 20. Nd5 Qa4 21.
Qd2 b4 22. Qh2 bxa3 23. Qxh5+ Kf8 24. Bd3 Rxb2 25. Qh6+ Ke8 26. Kd2 Bxd5 27.
exd5 Qf4+ {0-1 Waitzkin,J-Jirovsky,M/Oakham 1992}) 17... Nxg7 (17... Kxg7 18.
Qd4+ Kg8 19. Nd5 $40) 18. Bh3 $1 {[%csl Re7][%cal Rd5f7,Rh2h7] Nach diesem
feinen Zug kippt die Waage eindeutig zugunsten von Weiß, denn nun werden alle
schwarzen Schwächen mit einem Mal bloßgelegt.} (18. Nd5 $13 {Tiviakov}) 18...
Bxh3 19. Rxh3 e6 (19... b4 20. Nd5) 20. Rdh1 b4 21. Na2 Qa4 (21... Rxc2+ 22.
Qxc2 b3 23. Qc4 Qxg5+ 24. Kb1 bxa2+ 25. Kxa2 Qd2 26. Qc1 Qxc1 27. Rxc1 Ne8 $16)
22. Rxh7 Nh5 23. R1xh5 gxh5 24. g6 Rxc2+ {Black has nothing else as} (24...
bxa3 25. Rh8+ Kxh8 (25... Kg7 26. Qh6+ Kf6 27. Qf4+ Kxg6 28. Rh6+ Kg7 29. Qf6+
Kg8 30. Rh8#) 26. Qh6+ Kg8 27. Qh7+ Kf8 28. Qf7#) 25. Qxc2 Qxc2+ 26. Kxc2 b3+
27. Kb1 bxa2+ 28. Kxa2 a6 29. b4 (29. b4 h4 30. f4 $18) 1-0

[Event "EU-chT (Men) 11th"]
[Site "Pula"]
[Date "1997.05.??"]
[Round "3.4"]
[White "Salai, Ladislav"]
[Black "Anagnostopoulos, Dimitrios"]
[Result "0-1"]
[WhiteElo "2460"]
[BlackElo "2495"]
[Annotator "Schulz,Andre"]
[PlyCount "111"]
[EventDate "1997.05.05"]
[EventType "team-swiss"]
[EventRounds "9"]
[EventCountry "CRO"]
[SourceTitle "CBM 057 Extra"]
[Source "ChessBase"]
[SourceDate "1997.05.01"]
[SourceVersion "1"]
[SourceVersionDate "1997.05.01"]
[SourceQuality "1"]
[WhiteTeam "Slovakia"]
[BlackTeam "Greece"]
[WhiteTeamCountry "SVK"]
[BlackTeamCountry "GRE"]

1. e4 {Rogozenko} c5 2. Nf3 d6 3. d4 cxd4 4. Nxd4 Nf6 5. Nc3 g6 6. Be3 Bg7 7.
f3 O-O 8. Qd2 Nc6 9. O-O-O d5 10. Qe1 e5 (10... e6 {Rogozenko} 11. h4 Qc7 12.
exd5 Nxd5 13. Nxd5 exd5 14. Qd2 Re8 15. h5 Rxe3 16. Qxe3 Bxd4 $1 {Leko -
Hodgson/Groningen 1996} (16... Nxd4 $2 17. Qe8+ Bf8 18. Rxd4 $16 {Dvojris -
Brodsky/Berlin 1996})) 11. Nxc6 bxc6 12. exd5 Nxd5 13. Bc4 Be6 14. Ne4 Qc7 (
14... Qb8 15. Bc5 Rd8) 15. Bc5 Rfd8 16. Qh4 (16. g4 {Rogozenko} h6 17. g5 h5
18. Bb3 Bf8 19. Qf2 Bxc5 20. Qxc5 Qb6 21. Rd2 Qxc5 22. Nxc5 Nf4 23. Nxe6 Nxe6
24. Bxe6 fxe6 25. Re2 $16 {Hamdouchi - Koch/France 1997}) 16... h6 17. g4 a5 (
17... Rab8) (17... Nf4 18. Bd6 Rxd6 19. Nxd6 Bd5 20. Bxd5 cxd5 21. Nb5 Qc5 22.
Nc3 Rc8 23. Rd2 e4 24. g5 Bxc3 25. Qxf4 hxg5 26. Qxg5 Bxb2+ 27. Kd1 e3 28. Re2
Qd4+ {0-1 Baron,R-Komljenovic,D/Zaragoza op 1993}) (17... Rab8 {Rogozenko} 18.
g5 h5 19. Qf2 Qb7 (19... a5 20. a4 Qb7 21. b3 Bh3 $13 {Lobzhanidze - Bauer/Bad
Zwesten 1997}) 20. b3 Rd7 21. a4 Rbd8 $11 {Lobzhanidze - Aronian/Yerevan 1996})
18. g5 h5 19. a4 (19. Nf6+ Nxf6 20. gxf6 Bh6+ 21. Kb1 Bf5 22. Be7 Rd7 23. Rhg1
Rxd1+ 24. Rxd1 Qb6 25. Qe1 Bf4 26. h4 Rb8 27. Qc3 a4 28. a3 Qf2 29. Rd6 Be3 30.
Bxf7+ Kh7 31. Qc4 Qe1+ 32. Ka2 Qc1 33. Bg8+ Kh8 34. b4 Bxc2 {0-1 Simacek,
P-Rottenborn,E/Plzen opJ 1995}) 19... Nf4 20. Bxe6 Nxe6 $11 {Aus schwarzer
Sicht sind die Felder c5, f6 und der Bauer c6 etwas schwach, aber die b-Linie
und die Ankerpunkte d5 und d4 geben genug Gegenmöglichkeiten.} 21. Qf2 Rd5 22.
Rhe1 Nxc5 23. Nxc5 Qe7 24. Ne4 Qb4 25. b3 Rd4 (25... Rb8 26. Qa7 Rbd8 27. Qg1
Rb8 28. Qa7 $11) 26. Rxd4 (26. Qe3 {Rogozenko} Qa3+ 27. Kb1 $13) 26... exd4 27.
Qd2 Qa3+ 28. Kd1 (28. Kb1 d3 29. Nf6+ Bxf6 30. gxf6 dxc2+ 31. Qxc2 Rb8 32. Re3
Rb4 (32... Qxa4 $4 33. Re8+) 33. Qb2 Qxb2+ 34. Kxb2 Rf4 $17) 28... Qf8 29. Qd3
Qb8 30. Re2 Qf4 31. Qc4 Rd8 32. Qd3 Bf8 33. Rg2 Ba3 34. Ke2 Qc1 35. Kf2 Bb4 36.
Rg1 Qf4 37. Kg2 Be7 38. Kh1 Rd5 39. Rg3 c5 (39... Bxg5 {Rogozenko} 40. Nxg5
Rxg5 41. Rxg5 Qxg5 42. Qxd4 Qc1+ $19) 40. Qa6 h4 41. Rg2 Rf5 42. Rf2 Bxg5 43.
Qd3 (43. Qxa5 {Rogozenko} Qc1+ 44. Kg2 Be3 $19) 43... Qe3 44. Qxe3 Bxe3 45. Rf1
h3 46. f4 Bxf4 47. Rf3 Be3 48. Rxh3 Rf1+ 49. Kg2 Rf4 50. Nxc5 Rf2+ 51. Kh1 Rxc2
52. Ne4 f5 53. Nf6+ Kf7 54. Nd5 f4 55. Rh7+ Ke6 56. Nc7+ 0-1

[Event "EU-chT (Men) 11th"]
[Site "Pula"]
[Date "1997.05.??"]
[Round "4.4"]
[White "Lutz, Christopher"]
[Black "Anagnostopoulos, Dimitrios"]
[Result "1/2-1/2"]
[WhiteElo "2555"]
[BlackElo "2495"]
[Annotator "Schulz,Andre"]
[PlyCount "144"]
[EventDate "1997.05.05"]
[EventType "team-swiss"]
[EventRounds "9"]
[EventCountry "CRO"]
[SourceTitle "CBM 057 Extra"]
[Source "ChessBase"]
[SourceDate "1997.05.01"]
[SourceVersion "1"]
[SourceVersionDate "1997.05.01"]
[SourceQuality "1"]
[WhiteTeam "Germany"]
[BlackTeam "Greece"]
[WhiteTeamCountry "GER"]
[BlackTeamCountry "GRE"]

1. e4 c5 2. Nf3 d6 3. d4 cxd4 4. Nxd4 Nf6 5. Nc3 g6 6. Be3 Bg7 7. f3 Nc6 8. Qd2
O-O 9. O-O-O d5 10. Kb1 Rb8 11. h4 (11. Ndb5) 11... h5 12. Be2 Nxd4 $6 (12...
e5 13. Nxc6 bxc6 14. exd5 Nxd5 $132) 13. Bxd4 dxe4 14. Qf4 $1 {Danach bekommt
Schwarz Probleme mit seiner Figurenaufstellung.} Bd7 15. fxe4 Qe8 16. Bxa7 Ra8
17. Bc5 (17. Bd4 $5 $16) 17... Bc6 18. a3 Nd7 19. Bb4 Be5 20. Qg5 Bf6 21. Qf4
Be5 22. Qg5 Bf6 {Schwarz wäre mit remis zufrieden, Weiß will noch kämpfen.} 23.
Qe3 e6 $6 {Das Qualitätsopfer sieht weniger vielversprechend aus, als in
anderen Varianten. Weiß sieht aber keinen Grund seinen schönen Bb4 gegen den
völlig inaktiven R zu tauschen.} (23... Ne5) 24. g4 (24. Bxf8 Qxf8 25. g4 $16)
24... hxg4 25. Bxg4 Kg7 26. Be2 Rg8 27. Rdf1 Be7 (27... Z0 28. h5 $140 g5 29.
Rxf6 Kxf6 30. e5+ $18) 28. Qf4 $16 (28. Bxe7 $5 Qxe7 29. h5) 28... f6 29. Rhg1
Kh7 {Weiß scheint überlegen zu stehen und hat außerdem einen Bauern mehr. Aber
die schwarze Stellung wird zusehendst sumpfig; wenn man mal richtig reintritt
besteht die Gefahr, daß man irgendwo stecken bleibt.} 30. Bd3 Qf8 31. h5 g5 32.
Qg4 Bxb4 33. axb4 {Wieder ein kleiner Erfolg für Schwarz: Die a-Linie hat sich
geöffnet.} Qf7 (33... Qxb4 $4 34. e5+ $18) 34. Qg3 (34. e5+ f5 (34... Kh6 35.
Bg6 $18) 35. Rxf5 exf5 36. e6 Qf6 37. Bxf5+ Kh6 38. exd7 Ra7 $5 39. Z0 Rga8
$140 $132) 34... b5 35. Qc7 Rgc8 36. Qd6 Ra6 37. Rxg5 Ne5 38. h6 (38. Qxe5 Ra1+
(38... Rca8 39. Kc1 Ra1+ 40. Nb1 Qa7 41. Rg7+ Qxg7 42. Qxf6 $16) 39. Kxa1 Qa7+
$13) 38... Rca8 39. Kc1 Ng6 40. e5 f5 41. Qd4 (41. Rfg1 Qa7 42. Kd2 (42. Rxg6
Qe3+ 43. Kd1 Ra1+ 44. Nb1 Rxb1#) 42... Be8 43. Qc5 Qxc5 44. bxc5 Nxe5 $11)
41... Ra1+ 42. Nb1 Qa7 43. Qxa7+ R8xa7 44. Re1 Rd7 45. Rg3 Rd5 46. Rge3 Rd4 47.
c3 Rg4 48. Kc2 Nf4 49. Bf1 Kxh6 50. Nd2 Rxe1 51. Rxe1 Rg1 52. b3 Nd5 53. c4
bxc4 54. bxc4 Nxb4+ 55. Kc3 Na6 56. Nb3 Rg3+ 57. Kb2 Ba4 58. Nd4 Nc5 59. Ra1
Re3 60. Nxe6 Nxe6 61. Rxa4 Rxe5 62. Kc3 Kg5 63. Ra2 f4 64. Bg2 Re3+ 65. Kd2 Nd4
66. Ra8 Kh4 67. Bd5 Nb3+ 68. Kc2 Kg3 69. Rg8+ Kf2 70. Rg2+ Kf1 71. Rg4 Nd4+ 72.
Kb2 Ne2 1/2-1/2

[Event "Clarin GP final"]
[Site "Villa Gesell"]
[Date "1998.03.12"]
[Round "6"]
[White "Ginzburg, Maximiliano"]
[Black "Hoffman, Alejandro"]
[Result "1-0"]
[WhiteElo "2470"]
[BlackElo "2510"]
[Annotator "Schulz,Andre"]
[PlyCount "55"]
[EventDate "1998.03.07"]
[EventType "tourn"]
[EventRounds "11"]
[EventCountry "ARG"]
[EventCategory "10"]
[SourceTitle "CBM 064"]
[Source "ChessBase"]
[SourceDate "1998.06.02"]
[SourceVersion "1"]
[SourceVersionDate "1998.06.02"]
[SourceQuality "1"]

1. e4 {Rogozenko} c5 2. Nf3 d6 3. d4 cxd4 4. Nxd4 Nf6 5. f3 (5. Nc3) 5... Nc6
6. Nc3 g6 7. Be3 Bg7 8. Qd2 Bd7 9. O-O-O Rc8 {Rogozenko: An old Mestel`s idea ,
which due to efforts of Tiviakov became popular again. Black tries first to
create counterplay on the queenside, keeping his King in the centre.} 10. g4 (
10. Nxc6 $6 {Rogozenko} bxc6 11. g4 Qa5 12. Bc4 O-O 13. h4 Be6 $11 {
Korneev-Hoffman, Ubeda, 1997}) (10. Kb1 $5 {Rogozenko}) 10... O-O {Rogozenko:
This transposes to another theoretical line, which appears often with a
slightly different move order. Schwarz hat die Entwicklung Bd7 und Rc8 vor der
Rochade gespielt. Durch Zugumstellung ist nun ein Stellung entstanden, die
normalerweise nach 8...0-0 9.0-0-0 Bd7 10.g4 Rc8 entsteht.} (10... Ne5 {
Rogozenko} 11. h4 h5 12. g5 Nh7 13. f4 Ng4 14. Bh3 $14 {Korneev-Tiviakov,
Corsica rapid, 1997}) 11. Kb1 (11. Be2 {Rogozenko}) (11. h4 {Rogozenko} h5 12.
gxh5 Nxh5 13. Rg1 $14) 11... Ne5 12. Be2 {Verhindert Einschläge auf f3 und g4.
Vielleicht ist das die schlaueste Antwort auf die Variante mit 9.0-0-0 Bd7.} ({
Der prinzipielle Zug ist} 12. h4 {wonach aber die zweischneidige Abwicklung}
Qa5 13. h5 Nxf3 14. Nxf3 Bxg4 15. Bg2 Rxc3 16. Qxc3 Qxc3 17. bxc3 Nxe4 {
möglich ist.}) (12. Bh6 $6 {Rogozenko} Bxh6 13. Qxh6 Rxc3 $1 14. bxc3 Qa5 $36 {
Saliba-Hoffman, Sao Paulo, 1997}) 12... a6 {Ein Zug, den man im Drachen nach
Möglichkeit meidet. Aber wenn Schwarz Weiß nicht mit 12...Nc4 ein Tempo
schenken will gehen ihm langsam die Züge aus.} ({Nach} 12... Nc4 13. Bxc4 Rxc4
{hat Weiß gegenüber der Variante mit 9.Bc4 usw. ein Tempo gewonnen, das er in
den Zug g2-g4 investiert hat.}) ({Geprüft werden muß} 12... Qa5 13. Nd5 Qxd2
14. Nxe7+ Kh8 15. Rxd2 Rce8) 13. h4 b5 (13... h5 {Rogozenko} 14. gxh5 Nxh5 15.
Rhg1 $14) 14. h5 e6 (14... b4 15. Nd5 $40) 15. a3 ({Nach} 15. Z0 b4 {hätte der
Nc3 kein Ausweichfeld.}) 15... Rb8 (15... Nc4 $5) (15... Qe7 $16 {Rogozenko}) (
15... Qa5 {Rogozenko} 16. Nb3 Qc7 17. Qxd6 $18) 16. Bh6 Bxh6 17. Qxh6 Qe7 $4 {
Selbstmord.} (17... b4 {Rogozenko} 18. axb4 Rxb4 19. hxg6 fxg6 20. f4 Qc7 21.
Na2 $18) 18. g5 $1 Nxh5 $2 (18... Ne8 19. f4 Nc4 20. f5 gxf5 21. g6 fxg6 $2 22.
hxg6 hxg6 $2 23. Qh8+ Kf7 24. Rh7+ Ng7 25. Qxg7+ Ke8 26. Qxe7#) 19. Rxh5 $1 $18
{Die Partie ist vorbei.} f6 (19... gxh5 20. Nf5 exf5 21. Nd5 $18) 20. gxf6 Rxf6
21. Rhh1 a5 22. f4 b4 23. Ncb5 Rf7 24. a4 Nc6 25. f5 Ne5 26. fxg6 Nxg6 27. Rdg1
Rg7 28. Bc4 1-0